Дело о перемещении на службу асессора Симбирского губернского правления Власова, исправляющего должность начальника отделения Де...

Доступно только в Электронных читальных залах Найти на картеНа карте
RUSMARC
00003764nmc2a22000003x 450
001d8613676-8d2a-46df-a1e3-0f53ce5bfa97
00520210317015441.0
100##$a20181214l18671879k l0rusy0189 ca
1010#$arus
102##$aRU
2001#$aДело о перемещении на службу асессора Симбирского губернского правления Власова, исправляющего должность начальника отделения Департамента
$j4 февраля 1867 г. - 8 июня 1879 г.
251##$cДело
300##$aПо части секретаря
801#0$aRU
$bРГИА
$c20181214
$gRCR
801#1$aRU
$bГлавНИВЦ
$c20181214
$2rusmarc
801#2$aRU
$bПБ им. Б.Н. Ельцина
$c20210317
$gRCR
$2rusmarc
850##$aРГИА
852##$aРГИА
$eФедеральное казенное учреждение "Российский государственный исторический архив" (РГИА)
$j1453
937##$hРГИА
$d12296579
$aASBIBLIO_SCAN
462#0$100191353b96-cc3d-4f24-9eeb-3bfef1665a95
$12001
$aДела Департамента полиции исполнительной МВД за 1867 год
$1251
$cОпись
$1852
$j28
$l1867 г.
461#0$10013e300ed0-cd39-49af-8489-5ba5b90fa401
$12001
$aДепартамент полиции исполнительной МВД
$1251
$cФонд
$1852
$j1286
215##$a86 л.
$d36,5х26 см
371##$aДокумент не является опубликованным и широко распространяемым
105##$ay###
1222#$ad
035##$ad8613676-8d2a-46df-a1e3-0f53ce5bfa97
856##$uhttp://readingroom.main.prlib.ru/item.aspx?id_node=n158966428&mode=full
Формат отображения